Statistics for Harry Potter Quotes

Click here to take the quiz!

General Stats

  • This quiz has been taken 60 times
  • The average score is 13 of 19

Answer Stats

HintAnswer% Correct
Don't say a word against my father!Harry Potter
96%
Not my daughter you 🤬!Molly Weasley
94%
It's kinda fun isn’t it? Breaking the rules?Hermione Granger
92%
That's my girlfriend you numpties!!Ron Weasley
90%
Not bad Potter. You’d make a fine beater.Oliver Wood
88%
Do not pity the dead. Pity the living. And above all, pity those without love.Albus Dumbledore
86%
Your father was a swine!Severus Snape
84%
Harry Potter must not go back to Hogwarts!Dobby
82%
HARRY POTTER IS DEAD!!! HAHAHAHAHA!!!Voldemort
78%
You'll be next, MudbloodsDraco Malfoy
76%
I've always wanted to use that spell!Minerva McGonagall
76%
I'll join you when hell freezes over. Dumbledore's Army!Neville Longbottom
76%
Isn't it obvious? You have to speak to someone who’s dead.Luna Lovegood
73%
What will happen to your children? When mummy's gone the same way as Freddie?Bellatrix Lestrange
61%
Zat is the sign ov Gridelvald!Viktor Krum
47%
Barty Crouch! JR!Igor Karkaroff
37%
Severus... please...Charity Burbage
35%
And they call me mad!Barty Crouch, Jr
29%
One hears things, my LordPius Thicknesse
24%

Score Distribution

Percentile by Number Answered

Percent of People with Each Score

Your Score History

You have not taken this quiz